[Event "Harplinge Mini Open"]
[Site "Tylosand"]
[Date "2016.05.06"]
[Round "5.5"]
[White "Sandgren, Per-Olov"]
[Black "Falkevall, Martin"]
[Result "0-1"]
[WhiteElo "1493"]
[BlackElo "1412"]

1.e4 e6 2.d4 d5 3.Nc3 c5 4.dxc5 Bxc5 5.exd5 exd5 6.Qxd5 Qxd5 7.Nxd5 Bd6 8.
Nf3 Be6 9.Nc3 Nf6 10.Bb5+ Nbd7 11.O-O O-O 12.Rd1 Bc5 13.h3 a6 14.Bd3 h6 
15.Bf4 g5 16.Bh2 g4 17.hxg4 Bxg4 18.Be2 Rfe8 19.a3 Rad8 20.b4 Ba7 21.Kf1 
b5 22.Nd5 Nxd5 23.Rxd5 Be6 24.Rh5 Kg7 25.Bf4 Rh8 26.Rd1 f6 27.Nh4 Bb8 28.
Be3 Rc8 29.Nf5+ Bxf5 30.Rxf5 Ne5 31.f4 Nc4 32.Rd7+ Kg6 33.Bxc4 Kxf5 34.g4+
Ke4 35.Re7+ Kf3 36.Be2+ Kg3 37.Bd2 Bxf4 38.Be1+ Kh2 39.Bd3 Rhe8 40.Re2+ 
Rxe2 41.Kxe2 Re8+ 42.Kf3 Rxe1 43.Kxf4 Ra1 44.Kf5 Rxa3 45.Kxf6 Ra4 46.Kg6 
Rxb4 47.Bf5 Kg3 48.Kxh6 Rxg4 49.Bxg4 Kxg4 0-1

[Event "Harplinge Mini Open"]
[Site "Tylosand"]
[Date "2016.05.06"]
[Round "5.6"]
[White "Falkevall, Axel"]
[Black "Bensryd, Hampus"]
[Result "0-1"]
[WhiteElo "1252"]
[BlackElo "1480"]

1.Nf3 Nf6 2.g3 g6 3.Bg2 Bg7 4.O-O O-O 5.d3 d5 6.Nbd2 c5 7.e4 dxe4 8.dxe4 
Nc6 9.Qe2 e5 10.c3 Bd7 11.Nc4 Qc7 12.Rd1 Rad8 13.Bg5 h6 14.Bxf6 Bxf6 15.
Qe3 Kh7 16.Rd3 b6 17.Rad1 Be6 18.Rxd8 Rxd8 19.Rxd8 Qxd8 20.Ncd2 Kg7 21.h4 
Na5 22.b4 cxb4 23.cxb4 Nc4 24.Nxc4 Bxc4 25.a3 Qd1+ 26.Kh2 Qb3 27.Qxb3 Bxb3
28.Nd2 Bc2 29.Kh3 Be7 30.Nc4 f6 31.Kh2 Bd3 32.Nb2 Be2 33.f3 a5 34.bxa5 
bxa5 35.Na4 Bxa3 36.Nc3 Bd3 37.g4 Bb2 38.Na4 Bd4 0-1

[Event "Deltalift Open"]
[Site "Tylosand"]
[Date "2016.05.06"]
[Round "5.1"]
[White "Jepson, Christian"]
[Black "Hector, Jonny"]
[Result "0-1"]
[WhiteElo "2440"]
[BlackElo "2512"]

1.d4 d5 2.Nf3 Nf6 3.c4 c6 4.Nc3 e6 5.Bg5 dxc4 6.e4 b5 7.e5 h6 8.Bh4 g5 9.
Nxg5 hxg5 10.Bxg5 Nbd7 11.g3 Qa5 12.exf6 Ba6 13.Bg2 b4 14.Ne4 c3 15.bxc3 
bxc3 16.Qf3 Rb8 17.Rc1 Ba3 18.Rxc3 Rb1+ 19.Kd2 Rb2+ 20.Kc1 Rxa2+ 21.Rxa3 
Rxa3 22.Nd6+ Kf8 23.Qf4 Qc3+ 0-1

[Event "Deltalift Open"]
[Site "Tylosand"]
[Date "2016.05.06"]
[Round "5.2"]
[White "Brynell, Stellan"]
[Black "Johansson, Linus"]
[Result "1/2-1/2"]
[WhiteElo "2445"]
[BlackElo "2427"]

1.Nf3 c5 2.e4 Nc6 3.c3 e6 4.d4 d5 5.exd5 exd5 6.Bb5 Bd6 7.dxc5 Bxc5 8.O-O 
Ne7 9.Nbd2 O-O 10.Nb3 Bb6 11.Re1 Nf5 12.Bd3 h6 13.Bc2 Be6 14.Qd3 Re8 15.
Nbd4 Ncxd4 16.Nxd4 Bxd4 17.cxd4 Qf6 18.Be3 Bd7 19.h3 g6 20.Rac1 Nxe3 21.
Rxe3 Rxe3 22.Qxe3 Re8 23.Qd2 Bb5 24.Bd1 Qg5 25.Qxg5 Re1+ 26.Kh2 hxg5 27.
Rc5 Rxd1 28.Rxb5 b6 29.Rxd5 Rd2 30.a4 Rxb2 31.a5 Rxf2 32.Rxg5 Rd2 33.axb6 
axb6 34.Rb5 Rxd4 35.Rxb6 1/2-1/2

[Event "Deltalift Open"]
[Site "Tylosand"]
[Date "2016.05.06"]
[Round "5.3"]
[White "Holm, Kristian Stuvik"]
[Black "Berglind, Axel"]
[Result "1-0"]
[WhiteElo "2418"]
[BlackElo "1873"]

1.c4 Nf6 2.Nf3 e6 3.g3 d5 4.Bg2 Be7 5.O-O O-O 6.d4 dxc4 7.Qc2 a6 8.a4 Bd7 
9.Qxc4 Bc6 10.Bg5 Bd5 11.Qc2 Nc6 12.Bxf6 Bxf6 13.e4 Nxd4 14.Nxd4 Bxd4 15.
exd5 exd5 16.Nd2 c6 17.Nb3 Qf6 18.Nxd4 Qxd4 19.a5 Rae8 20.Ra4 Re2 21.Rxd4 
Rxc2 22.Rb4 Rb8 23.Re1 Kf8 24.Bf1 g6 25.Rb6 d4 26.Rd1 c5 27.Bd3 1-0

[Event "Deltalift Open"]
[Site "Tylosand"]
[Date "2016.05.06"]
[Round "5.4"]
[White "Tikkanen, Hans"]
[Black "Aaberg, Anton"]
[Result "1-0"]
[WhiteElo "2525"]
[BlackElo "2365"]

1.e4 c6 2.Nf3 d5 3.Nc3 Bg4 4.h3 Bxf3 5.Qxf3 e6 6.d3 Nf6 7.Bd2 Bb4 8.e5 
Nfd7 9.Qg4 Bf8 10.f4 c5 11.O-O-O g6 12.Qf3 Nc6 13.g4 Qb6 14.Re1 O-O-O 15.
Qg3 Bg7 16.h4 h5 17.gxh5 Rxh5 18.Be2 Rdh8 19.Bxh5 Rxh5 20.Qf2 Bf8 21.Ne2 
Be7 22.Ng1 Nd4 23.Be3 Nf5 24.Nf3 d4 25.Bd2 Qc6 26.Rh2 Nb6 27.Kb1 Nd5 28.
Ng5 Bxg5 29.hxg5 Nde3 30.Rxh5 gxh5 31.Qh2 Qf3 32.Qe2 Qxe2 33.Rxe2 h4 34.
Bxe3 dxe3 35.Kc1 Kd7 36.Kd1 Ke7 37.Rh2 Kf8 38.Ke2 Kg7 39.Kf3 Kg6 40.a4 Ng3
41.Rxh4 1-0

[Event "Deltalift Open"]
[Site "Tylosand"]
[Date "2016.05.06"]
[Round "5.5"]
[White "Nilsson, Patrik 1978"]
[Black "Karlsson, Lars"]
[Result "0-1"]
[WhiteElo "2155"]
[BlackElo "2441"]

1.e4 c5 2.Nf3 Nc6 3.d4 cxd4 4.Nxd4 Nf6 5.Nc3 e5 6.Ndb5 h6 7.Nd6+ Bxd6 8.
Qxd6 Qe7 9.Qd1 O-O 10.Bc4 d6 11.O-O Be6 12.Nd5 Qd8 13.Re1 Rc8 14.Bb3 Bxd5 
15.Bxd5 Nxd5 16.exd5 Ne7 17.Qd3 Qc7 18.c3 Qc4 19.Rd1 f5 20.Be3 f4 21.Qxc4 
Rxc4 22.Bd2 Rc5 23.b3 Rxd5 24.c4 Rd4 25.Bb4 Rxd1+ 26.Rxd1 Nf5 27.g4 fxg3 
28.hxg3 Rd8 29.g4 Nd4 30.Kg2 Kf7 31.f4 Nc6 32.Rxd6 exf4 33.Rxd8 Nxd8 34.
Kf3 g5 35.Bc3 Kg6 36.Ke4 h5 37.gxh5+ Kxh5 38.Kf5 Nc6 39.b4 f3 40.Be1 Nxb4 
41.Ke4 Kg4 0-1

[Event "Deltalift Open"]
[Site "Tylosand"]
[Date "2016.05.06"]
[Round "5.6"]
[White "Johansson, David"]
[Black "Lindgren, Philip"]
[Result "0-1"]
[WhiteElo "2118"]
[BlackElo "2406"]

1.e4 e5 2.Nf3 Nc6 3.Nc3 Nf6 4.Bb5 Bc5 5.O-O O-O 6.Nxe5 Nxe5 7.d4 Bd6 8.f4 
Neg4 9.e5 Be7 10.h3 d6 11.hxg4 dxe5 12.fxe5 Nxg4 13.Ne4 Qd5 14.Nc3 Qd8 15.
Be2 Nxe5 16.dxe5 Bc5+ 17.Rf2 Qh4 18.Qe1 Re8 19.Bf3 Rxe5 20.Ne2 Bg4 21.Bf4 
Rh5 22.g3 Qh3 23.Bg2 Qh2+ 24.Kf1 Re8 25.Rd1 g5 26.Bxc7 Bxf2 27.Kxf2 Rxe2+ 
28.Qxe2 Bxe2 29.Rh1 Qxh1 30.Bxh1 Rxh1 31.Kxe2 h5 32.Bd8 Rh2+ 33.Kd3 Rh3 
34.Bxg5 Rxg3+ 35.Be3 h4 36.Ke2 Rg2+ 37.Bf2 h3 38.Kf1 f5 0-1

[Event "Deltalift Open"]
[Site "Tylosand"]
[Date "2016.05.06"]
[Round "5.7"]
[White "Welin, Mats"]
[Black "Lindborg, Patrik"]
[Result "1-0"]
[WhiteElo "2338"]
[BlackElo "2158"]

1.c4 g6 2.g3 Bg7 3.Bg2 c5 4.Nc3 Nc6 5.Nf3 e5 6.a3 Nge7 7.O-O O-O 8.Rb1 a5 
9.d3 h6 10.Ne1 d6 11.Nc2 Be6 12.b4 axb4 13.axb4 Qd7 14.bxc5 dxc5 15.Ne4 
Bh3 16.Bxh6 Bxg2 17.Kxg2 Nd4 18.Nxd4 cxd4 19.Rb5 f5 20.Bxg7 Kxg7 21.Ng5 
Nc6 22.Qb3 Ra7 23.Rb1 Kf6 24.h4 Nd8 25.Rd5 Qe7 26.Nf3 Nc6 27.Qb6 Rfa8 28.
Rxe5 Qd8 29.Rd5 Qxb6 30.Rxb6 Re8 31.Nxd4 Kf7 32.Rd7+ Kg8 33.Nxc6 Ra2 34.
Ne7+ Kf7 35.Nxg6+ Kg8 36.Rbxb7 Raxe2 37.Rg7# 1-0

[Event "Deltalift Open"]
[Site "Tylosand"]
[Date "2016.05.06"]
[Round "5.8"]
[White "Backman, Andreas"]
[Black "Malekian, Babak"]
[Result "1/2-1/2"]
[WhiteElo "2149"]
[BlackElo "2275"]

1.d4 b6 2.e4 Bb7 3.Bd3 e6 4.Nf3 c5 5.c3 Nf6 6.Qe2 Be7 7.O-O Nc6 8.Nbd2 
cxd4 9.cxd4 Nb4 10.Bc4 O-O 1/2-1/2

[Event "Deltalift Open"]
[Site "Tylosand"]
[Date "2016.05.06"]
[Round "5.9"]
[White "Haugli, Petter"]
[Black "Wahlstrom, Lennarth"]
[Result "0-1"]
[WhiteElo "2254"]
[BlackElo "2153"]

1.d4 d5 2.c4 e6 3.Nc3 c5 4.cxd5 exd5 5.Nf3 Nc6 6.dxc5 d4 7.Na4 Bxc5 8.Nxc5
Qa5+ 9.Bd2 Qxc5 10.Rc1 Qb6 11.e3 Nge7 12.Bc4 O-O 13.exd4 Nxd4 14.O-O Nec6 
15.Bc3 Nb5 16.Bxb5 Qxb5 17.Nd4 Qg5 18.Nxc6 bxc6 19.Re1 Bg4 20.Qd3 Bf5 21.
Qf3 Qg6 22.Bb4 Rfe8 23.Rxc6 Rxe1+ 24.Bxe1 Re8 25.Rc1 Qg5 26.Ra1 Be4 27.Qg3
Qxg3 28.hxg3 Bd5 29.Bc3 h5 30.Rd1 Be6 31.Rd6 Bxa2 32.Ra6 Bc4 33.Rxa7 Rd8 
34.Ra5 Rd1+ 35.Kh2 Rd5 36.Ra8+ Kh7 37.Rc8 Bd3 38.f3 Ba6 39.Rc7 Kg8 40.b4 
Bb5 41.Be1 Bd3 42.Bf2 Be2 43.Kh3 Bf1 44.Rc1 Bb5 45.Be3 Kh7 46.Kh2 Kg6 47.
Kg1 Be2 48.Kf2 Bb5 49.Bf4 Rd4 50.Rb1 Kf5 51.Be3 Rd5 52.Rc1 Ke6 53.Re1 Kf6 
54.Bc5 Rd2+ 55.Kg1 Bc6 56.Ra1 Ke6 57.Ra6 Rd1+ 58.Kh2 Kd7 59.Ra7+ Ke6 60.
Re7+ Kf6 61.Rc7 Ba4 62.Rb7 Rd5 63.Kh3 g6 64.Bf8 Bd7+ 65.Kh2 Ke6 66.Rb6+ 
Kf5 67.Be7 Ke5 68.Bf6+ Kf5 69.Bg7 Kg5 70.Bf6+ Kh6 71.f4 Rb5 72.Rd6 Rb7 73.
b5 Kh7 74.b6 Kg8 75.Bd8 Kf8 76.Bc7 Ke7 77.Rd2 Be6 78.Kg1 Kf6 79.Kf2 Kf5 
80.Rc2 Bd5 81.Re2 f6 82.Rd2 Ke4 83.Rb2 Kf5 84.Rb5 Ke4 85.Ra5 Kd4 86.Ra8 
Ke4 87.Rf8 Kf5 88.Bd8 Rb8 89.Rxf6+ Ke4 90.Bc7 Ra8 91.Rxg6 Ra2+ 92.Ke1 Ke3 
93.Kd1 Ra1+ 94.Kc2 Be4+ 0-1

[Event "Deltalift Open"]
[Site "Tylosand"]
[Date "2016.05.06"]
[Round "5.10"]
[White "Persson, Anders"]
[Black "Nilsson, Anders"]
[Result "0-1"]
[WhiteElo "2074"]
[BlackElo "2224"]

1.Nf3 d6 2.c4 e5 3.Nc3 g6 4.d4 Bg7 5.Bg5 f6 6.Bh4 Nh6 7.e3 Nf5 8.Bg3 Nd7 
9.Qc2 c6 10.Rd1 Nxg3 11.hxg3 f5 12.Be2 Qe7 13.O-O e4 14.Nd2 h5 15.Rfe1 h4 
16.g4 Nf6 17.f3 exf3 18.Bxf3 O-O 19.gxf5 Bxf5 20.e4 Ng4 21.Nf1 Bd7 22.e5 
Bf5 23.Qe2 Nh6 24.Nh2 dxe5 25.dxe5 Rae8 26.Qe3 Qxe5 27.Qxa7 Qf4 28.Rxe8 
Rxe8 29.Qxb7 Bd4+ 30.Kh1 Be5 31.Nf1 h3 32.Qxc6 hxg2+ 33.Kxg2 Qg5+ 34.Kh1 
Qh4+ 35.Kg1 Qg5+ 36.Kh1 Rf8 37.Qd5+ Nf7 38.c5 Kg7 39.Bg2 Qh4+ 40.Kg1 Rd8 
41.Qb3 Bd4+ 42.Rxd4 Qxd4+ 43.Kh1 Rh8+ 44.Nh2 Qf4 0-1

[Event "Deltalift Open"]
[Site "Tylosand"]
[Date "2016.05.06"]
[Round "5.11"]
[White "Ivarsson, Torbjorn"]
[Black "Blomstrom, Lars"]
[Result "1/2-1/2"]
[WhiteElo "2185"]
[BlackElo "2145"]

1.e4 e5 2.Nf3 Nc6 3.Bb5 a6 4.Ba4 Nf6 5.d3 d6 6.c3 Be7 7.O-O O-O 8.Re1 b5 
9.Bc2 Re8 10.Nbd2 Bf8 11.Nf1 Nb8 12.d4 Nbd7 13.Ng3 g6 14.a4 Bb7 15.Qd3 c6 
16.h3 Qc7 17.Be3 c5 18.axb5 c4 19.Qd2 axb5 20.Rxa8 Rxa8 21.Bg5 Ra2 22.Bb1 
Ra1 23.d5 Be7 24.Nh2 Qd8 25.Be3 Qc7 26.Bg5 Nc5 27.Qe2 Nxd5 28.Bh6 Nf6 29.
Bc2 Rxe1+ 30.Qxe1 Nd3 31.Bxd3 cxd3 32.Nf3 Qc6 33.Nd2 d5 34.f3 b4 35.exd5 
Qxd5 36.Kh1 Nd7 37.Nf5 Bf8 38.Qg3 Qe6 39.Bxf8 Kxf8 40.Ne3 bxc3 41.bxc3 Nc5
42.Qh4 Kg7 43.Qb4 Qc6 44.Ndc4 Qc7 45.Nd2 Ne6 46.Nec4 Bc6 47.Kg1 f5 48.Kf2 
e4 49.fxe4 fxe4 50.Qd6 Qxd6 51.Nxd6 Nc5 52.Ke3 Kf6 53.Kd4 e3 54.Kxe3 Bxg2 
55.h4 Ke5 56.Nb5 Bd5 57.Nd4 h6 58.Nf1 Be4 59.Nd2 Bd5 60.Nf1 Be4 61.Nd2 Bf5
62.N4f3+ Kd5 63.c4+ Kd6 64.Nd4 Bg4 1/2-1/2

[Event "Deltalift Open"]
[Site "Tylosand"]
[Date "2016.05.06"]
[Round "5.12"]
[White "Svorono, Gabriel"]
[Black "Wallin, Dennis"]
[Result "1-0"]
[WhiteElo "2038"]
[BlackElo "2184"]

1.e4 d5 2.exd5 Qxd5 3.Nf3 Nf6 4.d4 c6 5.c4 Qa5+ 6.Nc3 Bg4 7.Be2 e6 8.Ne5 
Bxe2 9.Qxe2 Be7 10.O-O O-O 11.Bd2 Qd8 12.Be3 Bb4 13.Rac1 Nbd7 14.Rfd1 a5 
15.Bg5 Qc7 16.Nxd7 Nxd7 17.Ne4 Bd6 18.Nxd6 Qxd6 19.Rd3 Rfe8 20.Rcd1 a4 21.
Rh3 Nf8 22.a3 b5 23.cxb5 Qd5 24.Qe5 cxb5 25.Rc3 f6 26.Qxd5 exd5 27.Be3 Ne6
28.Rc6 Rac8 29.Rdc1 Rxc6 30.Rxc6 Nxd4 31.Rc5 Nb3 32.Rxd5 Rb8 33.Rd7 Na5 
34.Kf1 Rb7 35.Rxb7 Nxb7 36.Ke2 Kf7 37.Kd3 Ke6 38.Kd4 Kd6 39.f4 Na5 40.f5 
Nc6+ 41.Ke4 b4 42.axb4 Nxb4 43.g4 Kc6 44.h4 Kb5 45.g5 Kc4 46.g6 hxg6 47.
fxg6 Nd3 48.h5 Ne5 49.h6 Nxg6 50.hxg7 Ne7 51.Bf2 Kb3 52.Bd4 Ng8 53.Kf5 a3 
54.bxa3 Kxa3 55.Bxf6 Kb4 56.Kg6 Kc5 57.Bg5 1-0

[Event "Deltalift Open"]
[Site "Tylosand"]
[Date "2016.05.06"]
[Round "5.13"]
[White "Reid, Gregor"]
[Black "Segerberg, Tomas"]
[Result "1-0"]
[WhiteElo "2170"]
[BlackElo "2099"]

1.Nf3 d5 2.g3 Nc6 3.c4 d4 4.Bg2 e5 5.d3 f5 6.O-O Nf6 7.b4 e4 8.dxe4 fxe4 
9.Ng5 Bxb4 10.Nd2 Bxd2 11.Bxd2 Bf5 12.Qb3 Rb8 13.Rad1 h6 14.Nh3 O-O 15.Nf4
Qe8 16.Nd5 Qf7 17.Bf4 Ne8 18.h4 Nd6 19.c5 Ne8 20.Bxc7 Nxc7 21.Nxc7 Qxb3 
22.axb3 a6 23.f3 d3 24.exd3 exd3 25.g4 Bh7 26.f4 Nd4 27.f5 Rbc8 28.Nd5 
Rxc5 29.Rxd3 Nc6 30.Nf4 Ne5 31.Rd5 Rfc8 32.Re1 Nxg4 33.Rxc5 Rxc5 34.Bd5+ 
Rxd5 35.Nxd5 1-0

[Event "Deltalift Open"]
[Site "Tylosand"]
[Date "2016.05.06"]
[Round "5.14"]
[White "Nilsson, Patrik 1968"]
[Black "Karlsson, Jorgen"]
[Result "1/2-1/2"]
[WhiteElo "2015"]
[BlackElo "2170"]

1.e4 g6 2.d4 Bg7 3.Nc3 a6 4.Be3 b5 5.f4 d6 6.Bd3 Nd7 7.Nf3 c5 8.a3 Bb7 9.
h3 Qc7 10.O-O cxd4 11.Nxd4 Ngf6 12.Nf3 O-O 13.Qe1 Nc5 14.Bd2 e5 15.fxe5 
dxe5 16.Qh4 Nh5 17.Nh2 Qd8 18.Bg5 f6 19.Be3 Nxd3 20.Rad1 Nxb2 21.Rxd8 
Rfxd8 22.Qf2 Rac8 23.Nd5 Bxd5 24.exd5 Rxd5 25.g4 Nf4 26.Bxf4 exf4 27.Qxf4 
Nc4 28.Qe4 Rd6 29.Qb7 Re8 30.g5 f5 31.Ng4 Ne5 32.Nh6+ Bxh6 33.gxh6 Nf7 34.
Qc7 Rde6 35.Rd1 R6e7 36.Qc6 Re6 37.Qb7 R8e7 38.Qa8+ Re8 39.Qa7 R8e7 40.
Qa8+ Re8 41.Qa7 R8e7 42.Qa8+ 1/2-1/2

[Event "Deltalift Open"]
[Site "Tylosand"]
[Date "2016.05.06"]
[Round "5.15"]
[White "Holst, Conny"]
[Black "Andersson, Robert"]
[Result "1-0"]
[WhiteElo "2160"]
[BlackElo "2096"]

1.d4 Nf6 2.c4 g6 3.Nc3 d5 4.cxd5 Nxd5 5.e4 Nxc3 6.bxc3 Bg7 7.Bc4 c5 8.Ne2 
Nc6 9.Be3 cxd4 10.cxd4 b5 11.Bb3 a5 12.Rc1 Bb7 13.Rc5 Nb4 14.Qb1 Rc8 15.
Rxc8 Qxc8 16.O-O O-O 17.a3 a4 18.Bd1 Na6 19.Ng3 Rd8 20.d5 Nc7 21.Be2 e6 
22.Rc1 Qd7 23.dxe6 Nxe6 24.Bxb5 Qe7 25.Bxa4 Qxa3 26.Qxb7 Qxa4 27.Rc8 Qd1+ 
28.Nf1 Rxc8 29.Qxc8+ Qd8 30.Qxd8+ Nxd8 31.Ng3 Ne6 32.Ne2 h5 33.f4 Bb2 34.
Kf2 Kh7 35.Kf3 f5 36.Bb6 Kg7 37.Ke3 Kf7 38.Ba5 Nc5 39.Bc3 Ba3 40.exf5 gxf5
41.Ng3 Kg6 42.Kd4 Ne6+ 43.Ke5 Ng7 44.Ne2 h4 45.Kd5 Nh5 46.Be5 Bb4 47.Ng1 
Bd2 48.Nf3 Bxf4 49.Nxh4+ Kg5 50.Nf3+ Kg4 51.Ke6 Bxe5 52.Nxe5+ Kg5 53.Nd3 
f4 54.Ne1 Kg4 55.Nf3 Ng7+ 56.Kf6 Ne8+ 57.Kg6 Nc7 58.Ne5+ Kh4 59.Kf5 Kh5 
60.Kxf4 Nd5+ 61.Kf3 Kg5 62.g3 Nf6 63.Nd3 Kf5 64.Nf2 Nd7 65.g4+ Kg5 66.Kg3 
Nf8 67.h4+ Kg6 68.Nd3 Kh6 69.g5+ Kg7 70.Kg4 Ne6 71.h5 Nd4 72.Nf4 Nc6 73.
h6+ Kh7 74.Kh5 Ne5 75.g6+ Kh8 76.Nd5 Nd7 77.Kg5 Nf6 78.g7+ Kh7 79.Nxf6# 
1-0

[Event "Deltalift Open"]
[Site "Tylosand"]
[Date "2016.05.06"]
[Round "5.16"]
[White "Ylonen, Anders"]
[Black "Pettersson, Kjell"]
[Result "1-0"]
[WhiteElo "2104"]
[BlackElo "2059"]

1.e4 c5 2.Nf3 d6 3.Bb5+ Nc6 4.Bxc6+ bxc6 5.e5 Bg4 6.h3 Bh5 7.exd6 exd6 8.
d3 Nf6 9.O-O Be7 10.Re1 O-O 11.Nbd2 Re8 12.Nf1 h6 13.Ng3 Bg6 14.Nh4 Bh7 
15.Nhf5 Bf8 16.Rxe8 Qxe8 17.Ne3 d5 18.Bd2 Rb8 19.Rb1 Qe6 20.Qf3 Bd6 21.
Nef5 Bxg3 22.Qxg3 Bxf5 23.Qxb8+ Kh7 24.Re1 Qd7 25.Bf4 c4 26.Rd1 cxd3 27.
cxd3 c5 28.b3 Nh5 29.Bh2 Qe6 30.Qe5 Qg6 31.Kh1 Nf6 32.Qg3 Qh5 33.f3 d4 34.
Qd6 Bxh3 35.Qe5 Bf5 36.g4 Bxg4 37.fxg4 Qxg4 38.Rf1 Qh3 39.Qf5+ Qxf5 40.
Rxf5 Ng4 41.Rxf7 Kg6 42.Rxa7 Nf2+ 43.Kg2 Nxd3 44.Kf3 h5 45.Ke2 Nb4 46.Bd6 
1-0

[Event "Deltalift Open"]
[Site "Tylosand"]
[Date "2016.05.06"]
[Round "5.17"]
[White "Kockum, Anton Frisk"]
[Black "Haugland, Rasmus Longva"]
[Result "1-0"]
[WhiteElo "2382"]
[BlackElo "1936"]

1.d4 Nf6 2.c4 g6 3.Nc3 Bg7 4.e4 d6 5.Nf3 O-O 6.Be2 e5 7.O-O Nc6 8.d5 Ne7 
9.Ne1 Nd7 10.Nd3 f5 11.Bd2 Nf6 12.f3 f4 13.g4 g5 14.c5 h5 15.h3 Kf7 16.Kg2
Rh8 17.Rh1 Ng6 18.Be1 hxg4 19.fxg4 Bd7 20.cxd6 cxd6 21.Qb3 Qc8 22.Bf2 Nh4+
23.Bxh4 Rxh4 24.Nf2 Qc7 25.Bb5 a6 26.Bxd7 Nxd7 27.Rac1 Nc5 28.Qd1 Qb6 29.
Rc2 Bf6 30.Nb1 Rhh8 31.Nd2 Be7 32.Nc4 Qa7 33.Qd2 b5 34.Na5 Rac8 35.Rhc1 
Qd7 36.Qe2 Bd8 37.Nc6 Bb6 38.Rxc5 Bxc5 39.Rxc5 Kg7 40.Rc3 Rhf8 41.Kf3 Qb7 
42.Nd3 Rh8 43.Kg2 Kf6 44.Ne1 Rh7 45.Nf3 Qd7 46.Ng1 Qb7 47.Na5 Qb8 48.Rc6 
Rxc6 49.Nxc6 Qc8 50.Nf3 Rd7 51.Qe1 Qb7 52.h4 Qc7 53.Nxg5 Qb6 54.Qf2 Qb7 
55.Ne6 b4 56.g5+ 1-0

[Event "Deltalift Open"]
[Site "Tylosand"]
[Date "2016.05.06"]
[Round "5.18"]
[White "Lindhe, Magnus"]
[Black "Issa, Omar"]
[Result "1-0"]
[WhiteElo "2215"]
[BlackElo "1896"]

1.e4 b6 2.d4 Bb7 3.Bd3 Nf6 4.f3 e6 5.c4 d6 6.Nc3 Nbd7 7.Nge2 Be7 8.Be3 a6 
9.Qc2 c5 10.d5 O-O 11.O-O Ne5 12.a4 Rc8 13.b3 h6 14.Ng3 g5 15.h3 Nxd3 16.
Qxd3 e5 17.Nf5 Kh7 18.g4 Ng8 19.Ra2 Bf6 20.Rb1 Ne7 21.b4 Ng6 22.bxc5 dxc5 
23.a5 b5 24.cxb5 c4 25.Qf1 axb5 26.Rxb5 Qd7 27.a6 Ba8 28.a7 Nf4 29.Rb6 Bg7
30.h4 gxh4 31.Raa6 Ng6 32.Qc1 Nf4 33.Bxf4 exf4 34.Nxg7 Kxg7 35.Qxf4 Rh8 
36.Rxh6 Rxh6 37.Qxh6+ Kg8 38.Qg5+ Kf8 39.Qxh4 Qc7 40.Qh8+ Ke7 41.d6+ 1-0

[Event "Deltalift Open"]
[Site "Tylosand"]
[Date "2016.05.06"]
[Round "5.20"]
[White "Cedervall, Magnus"]
[Black "Holm, Ragnar"]
[Result "1/2-1/2"]
[WhiteElo "1965"]
[BlackElo "2114"]

1.e4 c5 2.d4 cxd4 3.c3 d3 4.c4 g6 5.Bxd3 Bg7 6.Nc3 d6 7.Be3 Nf6 8.h3 Nc6 
9.Nf3 Nd7 10.Rc1 O-O 1/2-1/2

[Event "Deltalift Open"]
[Site "Tylosand"]
[Date "2016.05.06"]
[Round "5.21"]
[White "Jonsson, Jacob"]
[Black "Horbing, Stefan"]
[Result "0-1"]
[WhiteElo "1686"]
[BlackElo "2072"]

1.d4 Nf6 2.c4 g6 3.Nc3 d5 4.cxd5 Nxd5 5.e4 Nxc3 6.bxc3 Bg7 7.Nf3 c5 8.Be3 
Qa5 9.Qd2 O-O 10.Bc4 Nc6 11.e5 Rd8 12.e6 f5 13.O-O b5 14.Bb3 c4 15.Bd1 
Bxe6 16.Re1 Bd5 17.Bf4 Qb6 18.Ne5 Nxe5 19.Bxe5 Qb7 20.f4 e6 21.a4 a6 22.
Bxg7 Kxg7 23.a5 Rab8 24.Rb1 Qc7 25.Ra1 Qc6 26.Re3 Qd6 27.g3 b4 28.cxb4 
Qxb4 29.Qxb4 Rxb4 30.Be2 Be4 31.Rc3 Rb2 32.Bxc4 Rg2+ 33.Kf1 Rxh2 34.Rac1 
Rxd4 35.Bxa6 Rdd2 36.Ke1 Ra2 37.Bf1 Rxa5 38.Bd3 Bxd3 39.Rxd3 Raa2 40.Rf3 
Kf6 41.Rb1 h6 42.Rc1 g5 43.fxg5+ hxg5 44.g4 f4 45.Rf1 Rhe2+ 0-1

[Event "Deltalift Open"]
[Site "Tylosand"]
[Date "2016.05.06"]
[Round "5.22"]
[White "Neretljak, Nedzad"]
[Black "Hakansson, Stefan"]
[Result "0-1"]
[WhiteElo "2055"]
[BlackElo "1997"]

1.e4 c5 2.d4 cxd4 3.Bc4 e6 4.Qe2 Nc6 5.Nf3 d6 6.O-O Nf6 7.c3 dxc3 8.Nxc3 
Be7 9.Rd1 Bd7 10.Bg5 a6 11.Bxf6 gxf6 12.Nh4 Ne5 13.Bb3 O-O 14.Qh5 Kh8 15.
Nf5 exf5 16.exf5 Rg8 17.h4 Bc6 18.Bd5 Rg7 19.Rd2 Qa5 20.f4 Qc5+ 21.Kh1 Qe3
22.fxe5 Qxd2 23.Qf3 dxe5 24.Bxc6 bxc6 25.Rd1 Qh6 26.g3 Rag8 27.Ne4 Rg4 28.
Kh2 Rxh4+ 29.Kg2 Rh2+ 30.Kg1 Rxb2 31.Re1 Qh3 32.Rc1 Qh6 33.Rxc6 Qh2+ 34.
Kf1 Rb1+ 0-1

[Event "Deltalift Open"]
[Site "Tylosand"]
[Date "2016.05.06"]
[Round "5.23"]
[White "Olsson, Stefan"]
[Black "Arvidsson, Tomas"]
[Result "0-1"]
[WhiteElo "1838"]
[BlackElo "2029"]

1.e4 c5 2.Nf3 Nc6 3.d4 cxd4 4.Nxd4 Nf6 5.Nc3 e5 6.Nb3 Bb4 7.Bc4 a6 8.a4 
O-O 9.Bg5 h6 10.Bh4 g5 11.Bg3 Nxe4 12.O-O Nxc3 13.bxc3 Bxc3 14.Qf3 Bxa1 
15.Rxa1 d6 16.c3 Be6 17.Bxe6 fxe6 18.Qg4 Qf6 19.h4 Qf5 20.Qh5 Kg7 21.hxg5 
hxg5 22.Qe2 Rh8 23.Rd1 Rad8 24.f3 Kg6 25.Rd3 Rh7 26.Nd2 d5 27.Re3 d4 28.
Rxe5 Nxe5 29.Bxe5 dxc3 30.Bxc3 Qc5+ 0-1

[Event "Deltalift Open"]
[Site "Tylosand"]
[Date "2016.05.06"]
[Round "5.24"]
[White "Morling, Joakim"]
[Black "Andersson, Thorbjorn"]
[Result "1/2-1/2"]
[WhiteElo "2059"]
[BlackElo "1909"]

1.d4 Nf6 2.c4 g6 3.Nc3 Bg7 4.e4 d6 5.Nf3 O-O 6.Be2 Nbd7 7.O-O e5 8.Qc2 
exd4 9.Nxd4 Re8 10.Rd1 Nc5 11.f3 Ne6 12.Be3 Nh5 13.Nxe6 Bxe6 14.c5 Qh4 15.
Bf2 Qg5 16.cxd6 cxd6 17.Bf1 Nf4 18.Bd4 Bxd4+ 19.Rxd4 Nh3+ 20.Kh1 Qe3 21.
Ne2 Nf2+ 22.Kg1 Rac8 23.Qd2 Nh3+ 24.Kh1 Nf2+ 1/2-1/2

[Event "Harplinge Mini Open"]
[Site "Tylosand"]
[Date "2016.05.06"]
[Round "6.1"]
[White "Sixt, Ylva"]
[Black "Jonsson, Filip"]
[Result "0-1"]
[WhiteElo "1068"]
[BlackElo "1421"]

1.e4 e6 2.d4 d5 3.Nc3 Nf6 4.e5 Nfd7 5.Nf3 a6 6.Bd3 c5 7.Be3 Nc6 8.Be2 Be7 
9.O-O O-O 10.Re1 cxd4 11.Bxd4 Nxd4 12.Qxd4 f6 13.Bd3 fxe5 14.Qg4 Nf6 15.
Qh3 e4 16.Ng5 Qb6 17.Ncxe4 dxe4 18.Bxe4 h6 19.Nf3 Nxe4 20.Rxe4 e5 21.Qg3 
Bf5 22.Re2 e4 23.Nh4 Bc5 24.Rf1 Bd6 25.Qc3 Rac8 26.Qd2 Bh7 27.Rd1 Bc5 28.
Rf1 Rcd8 29.Qc3 Qb4 30.Qe5 Bxf2+ 31.Rexf2 Rxf2 32.Rxf2 Rd1+ 33.Rf1 Qb6+ 
34.Kh1 Rxf1# 0-1

[Event "Harplinge Mini Open"]
[Site "Tylosand"]
[Date "2016.05.06"]
[Round "6.2"]
[White "Falkevall, Martin"]
[Black "Nielsen, Tim"]
[Result "0-1"]
[WhiteElo "1412"]
[BlackElo "1585"]

1.c4 e5 2.g3 Nf6 3.Bg2 Bc5 4.Nc3 c6 5.e3 O-O 6.Nge2 d6 7.O-O Bg4 8.a3 Qd7 
9.Na4 Na6 10.Nxc5 Nxc5 11.d3 Bh3 12.e4 h6 13.f4 Bxg2 14.Kxg2 Rfe8 15.fxe5 
dxe5 16.Bxh6 Qxd3 17.Qxd3 Nxd3 18.Bc1 Nxc1 19.Raxc1 Nxe4 20.Rcd1 Rad8 21.
Rxd8 Rxd8 22.Re1 f6 23.Nc1 Rd2+ 24.Re2 Rxe2+ 25.Nxe2 Nd2 26.c5 Nb3 27.Nc3 
Nxc5 28.b4 Ne6 29.h4 Nd4 30.a4 Kf7 31.Kf2 Ke6 32.g4 f5 33.g5 g6 34.Ne2 
Nxe2 35.Kxe2 f4 36.Kf3 Kf5 0-1

[Event "Harplinge Mini Open"]
[Site "Tylosand"]
[Date "2016.05.06"]
[Round "6.3"]
[White "Bensryd, Hampus"]
[Black "Sadiku, Lorik"]
[Result "1-0"]
[WhiteElo "1480"]
[BlackElo "1463"]

1.e4 d6 2.d4 g6 3.Nc3 Bg7 4.f4 e6 5.Nf3 Ne7 6.Be2 b6 7.O-O Bb7 8.Be3 Nd7 
9.Qd2 f5 10.e5 dxe5 11.dxe5 Nd5 12.Nxd5 Bxd5 13.Ng5 Qe7 14.Bf3 c6 15.Rac1 
h6 16.Bxd5 cxd5 17.Nf3 Nc5 18.Bxc5 bxc5 19.c4 Rd8 20.Qf2 O-O 21.Rfd1 d4 
22.b4 cxb4 23.Rxd4 g5 24.g3 g4 25.Rxd8 Rxd8 26.Nd4 Rc8 27.Nb5 a6 28.Nd6 
Rc6 29.c5 Bf8 30.Qd4 a5 31.Kf1 Qd7 32.Ke2 Be7 33.Nxf5 Qxd4 34.Nxd4 Rxc5 
35.Rxc5 Bxc5 36.Nb3 Bg1 37.Nxa5 Bxh2 38.Kf2 h5 39.Kg2 Kf8 40.Kxh2 Ke8 41.
Nc6 1-0

[Event "Harplinge Mini Open"]
[Site "Tylosand"]
[Date "2016.05.06"]
[Round "6.4"]
[White "Dingertz, Erik"]
[Black "Nilsson, Gert"]
[Result "1-0"]
[WhiteElo "1303"]
[BlackElo "1538"]

1.e4 e5 2.Nf3 Nc6 3.d4 exd4 4.Bc4 d6 5.Nxd4 Nf6 6.Nc3 Be7 7.Be3 O-O 8.Nxc6
bxc6 9.O-O c5 10.Nd5 Nxd5 11.Bxd5 Rb8 12.Bb3 c6 13.Rb1 Re8 14.Qf3 Bf6 15.
Rfd1 Be6 16.Bxe6 Rxe6 17.b3 Qe7 18.Qf4 Re8 19.f3 Be5 20.Qg4 Rg6 21.Qf5 Qh4
22.f4 Bc3 23.g3 Qe7 24.Rd3 Ba5 25.Rbd1 Bb6 26.c4 Qxe4 27.Qxe4 Rxe4 28.Bc1 
Rd4 29.Kf2 f5 30.Rxd4 cxd4 31.Rd3 c5 32.a3 Re6 33.b4 Kf7 34.Kf3 Re7 35.h3 
Rd7 36.g4 fxg4+ 37.hxg4 d5 38.cxd5 Rxd5 39.Ke4 Rd7 40.bxc5 Bxc5 41.a4 Rd6 
42.Bb2 Ra6 43.Kd5 Bb6 44.Bxd4 Rxa4 45.Bxb6 axb6 46.Ke5 Rb4 47.Rd7+ Kf8 48.
Rb7 Rb1 49.Rb8+ Ke7 50.Rb7+ Kd8 51.Rxg7 b5 52.Rxh7 b4 53.Rb7 b3 54.g5 b2 
55.Kf5 Kc8 56.Rb3 Kd7 57.Kf6 Rf1 58.Rxb2 Rxf4+ 59.Ke5 Rg4 60.Kf5 Rg1 61.
Kg6 Ke7 62.Rf2 Rg3 63.Kh6 Rh3+ 64.Kg7 Rg3 65.g6 Rh3 66.Kg8 Rh6 67.g7 Rh5 
68.Re2+ Kd8 69.Kf7 Rf5+ 70.Kg6 Rf3 71.Re5 Rg3+ 72.Rg5 Rxg5+ 73.Kxg5 Ke8 
1-0

[Event "Harplinge Mini Open"]
[Site "Tylosand"]
[Date "2016.05.06"]
[Round "6.5"]
[White "Wernberg, Hugo"]
[Black "Fakhr Eldin, Majed"]
[Result "1-0"]
[WhiteElo "1438"]
[BlackElo "1330"]

1.e4 c5 2.Nf3 Nc6 3.Bb5 Nf6 4.d3 e6 5.O-O d5 6.Bxc6+ bxc6 7.Bg5 Ba6 8.e5 
h6 9.Bxf6 gxf6 10.Re1 fxe5 11.Nxe5 Qb6 12.Qh5 Rh7 13.Nd2 Qxb2 14.Ndf3 Be7 
15.Nxf7 Kd7 16.N3e5+ Kc7 17.Qg6 Rhh8 18.Nxh8 Rxh8 19.Qxe6 Bd6 20.Qd7+ Kb6 
21.Rab1 Bxe5 22.Rxb2+ Bxb2 23.Rb1 Bc8 24.Rxb2+ Ka6 25.Qxc6+ 1-0